000 00973cam a2200289 i 4500
001 17578331
003 LC
005 20170206171615.0
008 130103s2013 coua 001 0 eng
010 _a 2012048058
020 _a9781596687608
040 _aDLC
_beng
_erda
_cDLC
_dDLC
042 _apcc
050 0 0 _aTT 705
_b.F475 2013
082 0 0 _a646.2
100 1 _aFisher, Deborah,
_d1970-
245 1 0 _aSew fun :
_b20 projects for the whole family /
_cDeborah Fisher.
260 _aLoveland, CO :
_bInterweave,
_cc2013
300 _a159 pages :
_billustrations ;
_c26 cm
_ewith two folded sheets of patterns in pocket.
500 _aIncludes index.
500 _aTwo folded sheets of patterns in pocket.
650 0 _aSewing.
650 0 _aHandicraft for children.
906 _a7
_bcbc
_corignew
_d1
_eecip
_f20
_gy-gencatlg
942 _2lcc
_cBK
999 _c306678
_d306678